| 000 | 00619nam a22001937a 4500 | ||
|---|---|---|---|
| 005 | 20170720142044.0 | ||
| 010 | _aENG-119296 | ||
| 020 |
_a9789350020173 _c595.00 |
||
| 035 | _aEN-102828 | ||
| 037 | _bDBAD/PUB | ||
| 082 | _a302.2301 | ||
| 100 | _aWayne,Mike | ||
| 245 |
_aMarxism and media studies : _cby Mike Wayne _bkey concepts and contemporary trends / |
||
| 260 |
_aDelhi _bAakar Books _c2009 |
||
| 270 |
_a28 E pocket IV, mayur vihar phase-I _bDelhi _e110091 |
||
| 300 |
_ax,289p. _c22cm(Hb) |
||
| 500 | _aIncludes bibliographical references and indexes | ||
| 942 |
_2ddc _cEN _h302.2301 _mWAY |
||
| 999 |
_c142718 _d142718 |
||